Tiempo y espacio / (Record no. 21033)

MARC details
000 -LEADER
campo de control de longitud fija 00610nam a2200181 i 4500
001 - NÚMERO DE CONTROL
campo de control 21033
003 - IDENTIFICADOR DE NÚMERO DE CONTROL
campo de control ES-MaACL
005 - FECHA Y HORA DE LA ÚLTIMA TRANSACCIÓN
campo de control 20230906152415.0
007 - CAMPO FIJO DE DESCRIPCIÓN FÍSICA--INFORMACIÓN GENERAL
campo de control de longitud fija t|
008 - DATOS DE LONGITUD FIJA--INFORMACIÓN GENERAL
campo de control de longitud fija 021120s1954 sp ||||1| spa d
100 1# - ENTRADA PRINCIPAL--NOMBRE DE PERSONA
Nombre de persona Aga, Khan.
9 (RLIN) 18523
245 10 - MENCIÓN DEL TÍTULO
Título Tiempo y espacio /
Mención de responsabilidad, etc. Memorias de S.A. el Kahn Aga ; prólogo de W. Somerset Maugham ; [traducción del inglés por J. Romero de Tejada].
260 ## - PUBLICACIÓN, DISTRIBUCIÓN, ETC.
Lugar de publicación, distribución, etc. Barcelona :
Nombre del editor, distribuidor, etc. Planeta,
Fecha de publicación, distribución, etc. [1954] (
Fabricante Horta)
300 ## - DESCRIPCIÓN FÍSICA
Extensión 372 p., 9 lám ;
Dimensiones 21 cm.
700 1# - ENTRADA AGREGADA--NOMBRE PERSONAL
Nombre de persona Maugham, W. Somerset.
9 (RLIN) 79192
700 1# - ENTRADA AGREGADA--NOMBRE PERSONAL
Nombre de persona Romero de Tejada, J.
9 (RLIN) 99376
852 ## - LOCALIZACIÓN
Ubicación ES-MaACL
Número de control de estantería C-8641
Sublocalización o colección R.36794
Holdings
Estatus retirado Estado de pérdida Estado de daño No para préstamo Biblioteca de origen Biblioteca actual Ubicación en estantería Fecha de adquisición Fuente de adquisición Total de préstamos Signatura topográfica completa Código de barras Visto por última vez Precio de reemplazo Tipo de ítem Koha
        Biblioteca del Ateneo de Madrid Biblioteca del Ateneo de Madrid Sala Palomar 17/01/2008     C-8641 1021605 23/02/2023 23/02/2023 Libro impreso